00335nam a2200109Ia 4500008004100000020002200041041001200063100004600075245005100121260003200172650002100204231221s9999 xx 000 0 und d a978-0-387-89558-1 aEnglish aPaul Hasler, Vincent Mooney, Ricardo Reis 0aVLSI-SoC: Advanced Topics on Systems on a Chip c2009bSpringer USaNew York aComputer Science